| 000 | 00361nam a2200133Ia 4500 | ||
|---|---|---|---|
| 008 | 231017s9999 xx 000 0 und d | ||
| 082 | _a388.322 | ||
| 082 | _bPER | ||
| 245 | 0 | _aFinancing Tools and Partnerships for Rural and Semi Urban Transportation Projects | |
| 245 | 0 | _cDr. Khalil Persad | |
| 260 | _bDr. Khalil Persad | ||
| 300 | _c30cm | ||
| 942 | _cREP | ||
| 999 |
_c604466 _d604466 |
||